000 00280nam a2200121Ia 4500
008 191201s2010 xx 000 0 und d
100 _aIPMA
245 0 _aBetter Practices of Project Management V.0.3
260 _a-
_bIPMA
_c2010
300 _a200
650 _aMBA
942 _2ddc
_cBK
999 _c496
_d496